[Event "Benasque op 19th"]
[Site "Benasque"]
[Date "1999.07.11"]
[Round "7"]
[White "Marin, Mihail"]
[Black "Sion Castro, Marcelino"]
[Result "1-0"]
[WhiteElo "2548"]
[BlackElo "2425"]
[Annotator "Marin,M"]
[PlyCount "73"]
[EventDate "1999.07.??"]
[EventType "swiss"]
[EventRounds "10"]
[EventCountry "ESP"]
[SourceTitle "CBM 072"]
[Source "ChessBase"]
[SourceDate "1999.10.01"]
[SourceVersion "1"]
[SourceVersionDate "1999.10.01"]
[SourceQuality "1"]

1. c4 Nf6 2. Nf3 c5 3. Nc3 Nc6 4. d4 cxd4 5. Nxd4 e6 6. g3 Qb6 7. Ndb5 Bc5 8.
Bg2 $5 (8. Nd6+ Ke7 9. Nde4) 8... a6 (8... Bxf2+ 9. Kf1 Ng4 10. Qd6 $44) 9.
Nd6+ Ke7 10. Nde4 Nxe4 11. Nxe4 Bb4+ 12. Kf1 $1 {ףb6, Bb4} (12. Bd2 Bxd2+ 13.
Qxd2 Qb4 $13) 12... d6 13. Be3 Qd8 (13... Bc5 14. Qxd6+ (14. Bxc5 dxc5 15. Qd6+
Ke8 16. Rd1 $18) 14... Bxd6 15. Bxb6 $18) (13... Qc7 14. a3 Ba5 15. b4 Bb6 16.
Bxb6 Qxb6 17. Qxd6+) 14. Qc2 Qa5 (14... Qc7 15. a3 (15. Rd1 Rd8 (15... b6) 16.
Bg5+ f6 17. Nxf6 gxf6 18. Qxh7+ $18) 15... Ba5 16. Rd1 Rd8 17. c5 d5 18. Bf4 e5
(18... Qd7 19. Bd6+ Ke8 20. Nf6+ gxf6 21. Qxh7) (18... Ne5 19. Nd6 f6 20. b4)
19. Bg5+ f6 20. Nxf6 gxf6 21. Qxh7+ Ke8 22. Qh8+ Kf7 23. Qxf6+ Kg8 24. b4 $18)
15. a3 f5 (15... Bc5 16. b4 Nxb4 (16... Bxb4 17. Qb2 Bc5 18. Nxc5 dxc5 19. Bxc6
bxc6 20. Qxg7 $18) 17. Qc3 (17. Qb2 Bxe3 18. axb4 Qf5 $14) 17... Nc6 18. Qxg7
Bxe3 19. Qf6+ Kd7 20. Qxf7+ Ne7 (20... Kd8 21. Qf6+ Kc7 22. Qxh8 $18) 21. Qg7 (
21. Nf6+ Kd8 22. Qg7 Ng6)) 16. Rd1 fxe4 (16... Bxa3 17. bxa3 fxe4 18. Bxe4 h6
19. Bxc6 bxc6 20. Qg6 Rf8 21. Bf4 $18) 17. axb4 Qxb4 18. Bxe4 h6 19. Kg2 $6 (
19. Ra1 $142 $18) 19... Ne5 20. Bd4 Bd7 (20... Qxc4 21. Bxe5 Qxc2 22. Bxd6+ $18
) (20... Nxc4 21. Bxg7 Rg8 22. Bc3 Qb5 23. Bf3 $18) 21. Bc3 (21. c5 Rhc8 22.
Qc3 $3 Qxc3 23. cxd6+ Kf7 24. Bxc3 $16) 21... Qb6 22. Bxe5 dxe5 23. c5 Qb4 24.
Rd6 (24. Qd3 Qxe4+ 25. Qxe4 Bc6 26. Qxc6 bxc6 27. Rd6 $16) 24... Ba4 (24...
Rac8 25. Qd3 (25. Rhd1) 25... Bb5 26. Rxe6+ Kxe6 27. Qd6+ Kf7 28. Bg6+ Kg8 29.
Qe6+ $18) (24... Rhc8 25. Rhd1 (25. Qd3 Bb5 26. Rxe6+ Kxe6 27. Qd6+ Kf7 28.
Bd5+ Ke8 29. Qg6+ Kd8 30. Rd1) 25... Ba4 26. Qd3 Qxc5 (26... Rxc5 27. Rxe6+
Kxe6 28. Qd6+ Kf7 29. Bg6+ Kg8 30. Qd8+ $18) 27. Rd7+ Bxd7 28. Qxd7+ Kf6 29.
Rd3 $18) 25. b3 Bxb3 (25... Qxb3 26. Qxb3 Bxb3 27. Rb1 $18) 26. Qd3 Rhd8 (26...
Qb5 27. Qe3 $18) 27. Rb1 Qxc5 28. Rxd8 Rxd8 29. Qxb3 b5 30. Qb2 (30. e3) 30...
Rd4 31. Rc1 Qb4 32. Rc7+ Kf6 (32... Kd8 33. Qc2 Rxe4 34. Qc6 $18) (32... Kd6
33. Qc2 $18) 33. Qxb4 (33. Qc2 Rxe4 34. Qd3 Rg4 $8 35. Qd8+ Kg6 (35... Kf5 36.
f3 Rd4 37. Rf7+ Kg6 38. Qg8) 36. Qg8 Qe4+ (36... Kh5) 37. Kh3 Rh4+ 38. gxh4
Qf5+ 39. Kg2 Qe4+ $11) 33... Rxb4 34. f3 a5 35. Ra7 a4 36. Bc6 (36. Bd3) 36...
Rb3 37. Ra5 (37. Be8 a3) (37. Ra5 Rc3 38. Be4 (38. Bxb5 Rc5) 38... Rb3 39. Bd3
$18) 1-0

[Event "Moscow Tal Memorial 7th"]
[Site "Moscow"]
[Date "2012.06.13"]
[Round "5"]
[White "Nakamura, Hikaru"]
[Black "Kramnik, Vladimir"]
[Result "1/2-1/2"]
[WhiteElo "2775"]
[BlackElo "2801"]
[Annotator "Marin,M"]
[PlyCount "80"]
[EventDate "2012.06.08"]
[EventType "tourn"]
[EventRounds "9"]
[EventCountry "RUS"]
[EventCategory "22"]
[SourceTitle "CBM 149"]
[Source "ChessBase"]
[SourceDate "2012.07.17"]
[SourceVersion "1"]
[SourceVersionDate "2012.07.17"]
[SourceQuality "1"]

1. c4 c5 2. Nf3 Nc6 3. d4 cxd4 4. Nxd4 Nf6 5. Nc3 e6 6. Ndb5 {This used to be
Korchnoi's favourite variation in his Candidates' matches about three decades
ago.} ({Later he came up with the then virtually unexamined} 6. a3 $5) 6... d5
{The most principled reaction, fighting for space in the centre and inviting
White to justify his early display of piece activity. This was Portisch'
constant choice in his (curiously) only match against Korchnoi.} ({In his
second match with Korchnoi, Polugaevsky preferred the developing} 6... Bb4) 7.
Bf4 e5 8. cxd5 exf4 9. dxc6 bxc6 10. Qxd8+ Kxd8 11. Rd1+ ({Korchnoi managed to
surprise his opponent with} 11. Nd4 {in the first match game Kortschnoj,V 
(2600)-Portisch,L (2620) Bad Kissingen 1983 (1-0, 35). Despite the favourable
result, he returned to the known game move.}) 11... Bd7 12. Nd6 {The forced
sequence has come to an end and we can make a first description of the
strategic plot. White has managed to spoil Black's structure on both wings and
can hope to reach a favourable endgame in the long run. Besides, he has a
powerful threat (Nxf7+). However, his seeming initiative is about to vanish.
He needs several tempi to complete the kingside development, while Black has
better possibilities for rapid piece mobilisation. Practice has shown that
Black's greater activity compensates for the static drawbacks of the position.}
Kc7 {A rather aggressive continuation. Black ignores the threat on f7 for the
sake of speeding up his counterplay along the b-file.} ({The obvious
alternative is} 12... Bxd6 13. Rxd6 Rb8 14. Rd2 Re8 $1 {It is important to
take measures against White's planned g2-g3.} (14... Kc7 15. g3 {offers White
some initiative.} fxg3 16. hxg3 Rb4 17. Bg2 {Huebner,R (2580)-Sax,G (2486)/
Leon 2011/CBM 145 Extra (1-0, 31). It is interesting that both players had
been at their best in the times when the theory in this whole line was just
builidng up.}) 15. f3 $5 (15. g3 {allows} f3 {, when Black seems to equalise:}
16. Kd1 fxe2+ 17. Bxe2 Kc7 18. Bc4 Bg4+ 19. Kc2 Re7 20. b3 Rd8 21. Rxd8 Kxd8
22. f4 Bf5+ 23. Kc1 Kc7 24. Nd1 Ne8 25. Kd2 Nd6 $11 {1/2 Karpov,A (2700)
-Polugaevsky,L (2615)/London 1984/MCL. Black has regrouped properly, fighting
against the blockade on c4 and controlling the main weakness in White's camp,
namely e4.}) 15... Kc7 16. g3 Be6 $5 {This indirect defence of the pawn is the
best.} (16... Nh5 {was played at grandmaster level, but leaves White with some
advantage:} 17. Kf2 Re5 18. Bg2 Be6 19. Rc1 h6 20. b3 $14 {Gurevich,D (2503)
-De Firmian,N (2547)/San Diego 2006/CBM 112 (1/2, 30)}) 17. b3 ({Black's point
is revealed after} 17. gxf4 Nd5 18. Nxd5+ Bxd5 $11 {[%csl Ga2,Gf3]}) 17... Nd5
(17... Rb4 $5) 18. Nxd5+ Bxd5 19. Kf2 Rb4 {Gasthofer,V (2333)-Mueller,R (2337)
Germany 2005 (1-0, 45). After the exchange of knights, the weakness of the
c6-pawn becomes less relevant.}) 13. Nxf7 Rg8 14. Ne5 {The knight hurries back
into play and intends to eliminate the d7-bishop, which is an important
defender of the c6-pawn.} ({The following classical game is a good example
about the way how Black can build up his counterplay with natural moves after} 
14. g3 Rb8 15. Rd2 Bb4 16. Bg2 Bxc3 17. bxc3 Rb1+ 18. Rd1 Rxd1+ 19. Kxd1 Ng4
$132 {Andersson,U (2635)-Tal,M (2620)/Malmo 1983/IZT (1/2, 27)}) 14... Rb8 $1 {
Black has to play everything on the card of his advance in development.} ({
There is no time to for neutral moves such as} 14... Bf5 $6 15. g3 fxg3 16.
hxg3 Re8 17. Nd3 Ne4 18. Bg2 $16 {Yartsev,P (2175)-Raznikov,D (2314) Israel
2010 (1-0, 51)}) 15. Nxd7 Nxd7 {White has achieved most of his strategic aims,
but the time has come to think about developing. He still is two tempi behind.}
16. g3 {Returning the pawn for the sake of gaining time.} (16. Rd2 $6 {helps
Black to develop his initiative.} Ne5 {[%cal Ge5c4]} 17. e3 (17. b3 Bb4 18. Rc2
Rge8 $36 {[%cal Ge5d3]}) 17... fxe3 18. fxe3 Bb4 19. Be2 Bxc3 20. bxc3 Rb1+ 21.
Rd1 Rb2 22. Rf1 Rxa2 23. Rf5 Re8 24. Rd4 Ra5 25. g4 Rc5 $13 {Rubinetti,J (2445)
-Velimirovic,D (2520)/Lucerne 1982/EXT 97-B (1-0, 42)}) 16... Rxb2 17. Bh3 {
Gaining another important tempo, but the bishop does not get on the most
active diagonal at once.} Nf6 {The best way to keep the paths open for the
other pieces (the a3-f8 diagonal and the b-file).} ({After} 17... Nc5 {White
can forget about the threats ...Bb4 and ...Ba3, which allowed him consolidate
in the following classical game:} 18. O-O Rc2 19. Rc1 Rxc1 20. Rxc1 fxg3 21.
hxg3 {The material is equal, but White's structure is better.} Be7 22. Bg2 Rb8
23. Rc2 Rb4 24. e3 Rc4 25. Bf1 Rb4 {It became obvious that Black's activity
has reached a dead end.} 26. Ne2 Rb1 27. Nd4 Kb6 28. Nf3 Nd3 29. Kg2 Nb4 (29...
Ne1+ 30. Nxe1 Rxe1 31. Rb2+ Kc7 32. Ba6 $36) 30. Rd2 Kc7 31. Bc4 $14 {
Kortschnoj,V (2600)-Portisch,L (2620)/Bad Kissingen 1983/Candidates (1/2, 52).
White has regrouped properly and his advantage is beyond doubt.}) 18. O-O Bb4
19. Rc1 Rd8 {White has managed to almost complete his development (the f1-rook
needs to be activated still), but Black's activity is overwhelming.} 20. Bg2 {
Hoping to prove that the black king is not that safe behind the c6-pawn.} Rdd2
{The most natural and possibly best move. Black does not need to release the
tension in any way yet. However, there are worthy alternatives available.} (
20... Bxc3 21. Rxc3 Nd5 22. Ra3 Kb6 {The king takes an active part in events,
compensating for the queenside weaknesses.} 23. Rc1 a5 24. Rb3+ Rxb3 25. axb3
fxg3 26. hxg3 Nb4 $11 {Prudnikova,S (2421)-Maksimovic,S (2278)/Herceg Novi
2000/CBM 075 ext (1-0, 42)}) (20... fxg3 21. hxg3 Rdd2 {Compared to the game,
this gives up the control over the e3-square and offers White the possibility
to regroup with Nd1-e3.} 22. a3 Be7 (22... Bxc3 23. Rxc3 Rbc2) (22... Bxa3 $2
23. Nb1 $18) 23. Nd1 Rb6 (23... Rbc2 24. Ne3 Rxc1 25. Rxc1 Rxe2 $11 {Adorjan})
24. Ne3 Rxe2 25. a4 $44 {Adorjan,A (2535)-Cebalo,M (2475)/Vrsac 1983/MCD (1-0,
43)}) 21. gxf4 $146 {This novelty doesnot change the evaluation of the whole
variation as comfortable for Black.} (21. a3 Bd6 22. gxf4 Rbc2 23. a4 Ba3 24.
Rxc2 Rxc2 25. Nb1 Bb2 26. e3 a5 27. Bf3 Rc4 $13 {Krivonosovs,V (2490)-Lepikhov,
A (2515)/W-Cup7 fin corr 1994/Corr 2002 (1/2, 64)}) 21... Rbc2 22. Ne4 Rxe2 23.
Nxf6 gxf6 24. Rxc2 Rxc2 25. Be4 Rxa2 26. Rc1 c5 27. Bxh7 Rd2 28. h4 a5 {
Only Black can be better here, of course, but a draw is the most probable
result.} 29. h5 Rd8 30. Kg2 a4 31. h6 Rh8 32. Bc2 Rxh6 33. Bxa4 Rh8 34. Bb3 Rd8
35. Rd1 Bd2 36. Ba2 Bxf4 37. Rxd8 Kxd8 38. Kf3 Be5 39. Ke4 Kd7 40. f4 Bxf4
1/2-1/2

[Event "ESP-chT Div 1 Gr-B"]
[Site "Barbera del Valles"]
[Date "2009.08.13"]
[Round "3"]
[White "Pena Gomez, Manuel"]
[Black "Marin, Mihail"]
[Result "1/2-1/2"]
[WhiteElo "2467"]
[BlackElo "2583"]
[Annotator "Marin,M"]
[PlyCount "69"]
[EventDate "2009.08.11"]
[EventType "team-tourn"]
[EventRounds "3"]
[EventCountry "ESP"]
[SourceTitle "CBM 131 Extra"]
[Source "ChessBase"]
[SourceDate "2009.09.03"]
[SourceVersion "2"]
[SourceVersionDate "2009.09.16"]
[SourceQuality "1"]
[WhiteTeam "Universidad de Vigo"]
[BlackTeam "Foment Martinenc"]
[WhiteTeamCountry "ESP"]
[BlackTeamCountry "ESP"]

1. c4 Nf6 2. Nc3 c5 3. Nf3 e6 4. d4 cxd4 5. Nxd4 Nc6 {As far as I remember, I
never had played this line with Black before. It was an over the board
inspiration based on the fact that I had analysed (and played) it quite a lot
from White's side and was curious to see how it feels from the opposite side.}
({My usual choice is} 5... a6) 6. Ndb5 {This move somewhat took me out of
book! My knowledge was mainly based on a thorough examination of the games
from the Candidates' match Kortschnoj-Polugajevsky, Buenos Aires 1980, but
this had been done... right after the games were played! After almost 30 years,
I had only vague memories...} ({I had hoped for} 6. g3 Qb6) 6... Bb4 7. Bf4 O-O
8. Bc7 (8. Bd6 {is the other main line.}) 8... Qe7 9. Bd6 Bxd6 10. Qxd6 Qd8 11.
e3 ({The most active continuation is} 11. e4 {I planned to go} b6 {and, after
checking the available practical material, I still believe it is Black's
safest option.} (11... a6 12. Nc7 Ne8 13. Nxe8 Rxe8 14. Be2 Qb6 15. Rb1 Qd4 16.
Rd1 Qxd6 17. Rxd6 Kf8 18. O-O Ke7 19. Rfd1 g5 20. Na4 $14 {Kortschnoj,V (2645)
-Gruenfeld,Y (2505)/Luzern 1982/MCD (1-0, 44)}) (11... e5 12. O-O-O Ne8 13. Qd2
Qa5 14. Kb1 a6 15. Nd6 Nd4 16. Nf5 Nxf5 17. exf5 $14 {Savchenko,B (2569)
-Chudinovskih,A (2392)/Plovdiv 2008/CBM 124 (1-0, 32)}) 12. Be2 a6 13. Na3 (13.
Qa3 axb5 14. Qxa8 b4 15. Nb5 Nxe4 $44) (13. Nd4 Bb7 14. O-O Qb8 15. Qxb8 Raxb8
16. Nxc6 Bxc6 17. e5 Ne4 18. Nxe4 Bxe4 19. Rfd1 Bc6 20. Rd6 f6 $11) 13... Ne8
14. Qd2 Bb7 15. Rd1 d6 16. O-O Qc7 17. f4 Rd8 18. Kh1 Nf6 19. Bf3 Ne7 20. Qe2
Ng6 21. g3 $11 {Johansson,P (2200)-De Firmian,N (2475)/London 1982/MCD (1/2,
47). Black has regrouped properly and has little to worry about.}) ({Two games
I had problems to remember were:} 11. g3 a6 12. Na3 Qb6 13. Rb1 Qb4 14. Qxb4
Nxb4 15. Bg2 d5 16. cxd5 exd5 17. Rd1 Be6 $11 {Kortschnoj,V (2695)-Polugaevsky,
L (2635)/Buenos Aires 1980/Candidates (1/2, 41). I must confess that I only
remembered this position, but not the way they got here!}) ({and} 11. O-O-O a6
12. Nd4 Ne8 13. Nxc6 bxc6 14. Qd4 d6 15. c5 d5 16. f4 Nf6 17. e4 a5 18. g3 Ba6
$13 {Kortschnoj,V (2695)-Polugaevsky,L (2635)/Buenos Aires 1980/Candidates (1/
2, 31)}) 11... Qa5 {For me, this was the first independent move. Indeed, I
could not remember how they used to play a position I had never seen before!}
12. Bd3 $146 {It is strange that this move had never been played before. The
bishop seems a bit exposed on this square, but I did not find any effective
ways to take advantage of this circumstance.} ({As I was to find out later,} 
12. Qd2 {was unanimously played. I intended to continue with} d5 13. cxd5 Rd8
$1 {, which looks like an important novelty, solving Black's problems.} (13...
Nxd5 14. Nxd5 Qxd2+ 15. Kxd2 exd5 16. Bd3 $14 {Gulko,B (2585)-Kaidanov,G (2625)
/Denver 1998/CBM 068/[Ribli] (1/2, 38)}) 14. d6 (14. e4 exd5 15. exd5 Nxd5 16.
Nxd5 Qxd2+ 17. Kxd2 Be6 $1 $15 18. Nbc7 Bxd5 19. Nxa8 $2 Bxg2+ $1) (14. Rd1 a6
15. Nd4 Nxd4 16. exd4 Nxd5 $15) (14. O-O-O exd5 $15 {[%csl Gc1]}) (14. Bd3 Nb4
$11) 14... Ne8 15. Ne4 Qxd2+ 16. Nxd2 Nxd6 $11) (12. Rd1 {was suggested to me
by IM Valentin Stoica, but Black seems to be OK after} a6 13. Nd4 Ne4 14. Nb3
Qxc3+ 15. bxc3 Nxd6 16. Rxd6 b5 $132) 12... a6 13. Nd4 (13. Na3 b6 {/\ Qc5})
13... Nxd4 (13... Qe5 14. Qxe5 Nxe5 15. Be2 d6 16. O-O Rd8 17. Rfd1 $14 {
I thought that the queenless hedgehog would be a bit passive for Black.}) (
13... Qb4 14. Qxb4 Nxb4 15. Bb1 d5 16. a3 Nc6 17. cxd5 Nxd4 18. exd4 exd5 19.
f3 $14 {[%cal Ge1f2,Gb1a2,Gc3a4] The position is almost symmetrycal, but White
has better minor pieces and his king will be more centralized.}) 14. exd4 {
Black has not managed to expel the enemy queen from d6, but the presence of
the white king in the centre gives him the possibility of launching some
queenside counterplay.} b5 $1 15. cxb5 {White plays for the initiative.} ({
The strategically more constructive} 15. c5 {would have led to unusual
positions>} b4 16. Nd1 (16. Ne4 Nxe4 $3 (16... b3+ 17. Nc3 Bb7 18. O-O bxa2 19.
Rxa2 Qb4 20. Rb1 $14) 17. Bxe4 b3+ 18. Kd1 (18. Ke2 Bb7 $1 $17) 18... Ra7 19.
Bxh7+ Kxh7 20. Qxf8 Bb7 $44 21. Qb8 (21. Qxf7 bxa2 22. Qf4 Qa4+ 23. Kd2 Qb4+
24. Kc1 Bxg2) 21... bxa2 22. Qxa7 Qa4+ 23. Ke1 Bxg2 24. Rg1 Qb4+ 25. Ke2 Qxb2+
26. Kd3 (26. Ke3 Qc3+ $19) 26... Qb3+ 27. Kd2 Qb2+ $11) 16... Qa4 $5 17. Ne3 (
17. O-O Qc6 $1 18. Qxc6 dxc6 {[%csl Gd4][%cal Yf8d8,Ya6a5,Yc8a6]}) 17... Bb7
18. O-O a5 19. Nc4 Qc6 20. Qxc6 (20. Qg3 $6 Nh5) (20. f3 Ba6) 20... Bxc6 21.
Ne5 Rfb8 $132) 15... axb5 16. O-O (16. b4 $2 Qa3 $19) (16. Bxb5 $2 Nd5 $17)
16... b4 (16... Ba6 $143 17. a3 $16) 17. Ne4 Ne8 $1 (17... Nxe4 $2 18. Bxe4 Ba6
19. Bxa8 Bxf1 20. Be4 Ba6 21. Bxh7+ $1 $18) 18. Qe7 f5 19. Nc5 (19. Nd6 Nf6 20.
Rfc1 Ba6 $11 (20... Nd5 $5)) 19... Ra7 $6 {Black loses too much time, relying
on his compact structure. This is only the start of mutual inaccuracies, for
which the players may be excused because of the unusual character of the
opening (which had taken a lot of time and energy), middlegame and also of the
ensuing ending...} (19... Nf6 $1 {(/\ Qb6, Nd5)} 20. Qd6 (20. Rfc1 Qb6 21. Nb3
Ba6 $132) 20... Ne8 21. Qe7 (21. Qf4 d6 22. Nb3 Qb6 23. Bc4 Nc7 $11) 21... Nf6
$11) 20. Rfc1 $6 ({White misses his chance:} 20. a4 $1 d6 (20... bxa3 $2 21.
Rxa3 Qb6 22. Rxa7 Qxa7 23. Nxe6 $18 {I believe that we both overlooked this
possibility!}) 21. Nb3 Qb6 22. a5 Qb8 23. Qh4 $14) 20... d6 21. Nb3 Qb6 22. Rc6
Rxe7 $6 (22... Qxc6 $1 {is the right way to reach the ending from the game.}
23. Qxa7 Qb7 24. Qa5 $6 (24. Qxb7 $1 Bxb7 {transposes to the game}) 24... Nf6
25. Rc1 Nd5 26. Bc4 (26. Be2 Qe7 27. Bf3 Bb7) 26... Nf4 27. f3 (27. Bf1 Qe4 $15
) 27... Bd7 28. Kf2 Bc6 $132 {Somehow, I could not work out all these
regrouping manoeuvres during the game.}) 23. Rxb6 Rb7 24. Rxb7 $6 (24. Rc6 $1
Bd7 25. Ra6 Rb8 (25... Rc7 26. Rb6) 26. Rc1 $14) 24... Bxb7 25. a4 {The only
chance to retain some initiative.} (25. Rc1 Nf6 $11) (25. Bc4 Kf7 $11) 25...
bxa3 26. bxa3 Bd5 $6 {Once again, Black fails to find the most effective
regrouping.} (26... Nc7 $142 $1 27. Na5 (27. Nd2 Ra8) (27. a4 Ra8 28. a5 Kf8
29. f3 Ke7 30. Kf2 Ba6 $11) 27... Ba6 28. Bxa6 Ra8 $1 $11 {Of course, I failed
to foresee this important resource...} (28... Nxa6 29. Nc4 $14)) 27. Nd2 Rf7 (
27... Nf6 28. Nc4 $14) 28. a4 Ra7 29. a5 Kf8 30. f3 Ke7 31. Kf2 Nc7 32. Nb1 (
32. Nc4 $142 $1 Bb7 (32... Nb5 33. Nb6 $18) 33. Nb6 $14) 32... Bb7 33. Nc3 Ba6
34. Ke3 Rb7 35. Bxa6 (35. Rb1 Ra7 $11) (35. Bxa6 Nxa6 36. Rb1 Rxb1 37. Nxb1 Kd7
38. Nc3 Kc6 39. g4 Nc7 $11 40. gxf5 $140 exf5 41. Kf4 Ne6+ $11) 1/2-1/2